BÖCEK ÇOCUK (Record no. 985965)

MARC details
000 -LEADER
sabit uzunluktaki kontrol alanı 00238nam a2200097Ia 4500
001 - KONTROL NUMARASI
kontrol alanı 985965
005 - EN SON İŞLEMİN TARİH VE ZAMANI
kontrol alanı 20250826221052.0
008 - SABİT-UZUNLUKTA VERİ ÖĞELERİ--GENEL BİLGİ
sabit uzunluktaki kontrol alanı 250824s9999 xx 000 0 und d
245 #0 - ESER / YAZAR
ESER ADI BÖCEK ÇOCUK
Yazar Adı M. G. LEONARD
260 ## - YAYIN, DAĞITIM, VB.
YAYIN EVİ DOMİNGO YAYINLARI
Holdings
Düşüm durumu Kayıp durumu Hasar Durumu Ödünç verilmez Ana kütüphane Geçerli Kütüphane Edinilen tarih Toplam ödünç verme sayısı Barkod Son görüntüleme tarihi Fiyatın geçerli olmaya başladığı tarih Koha materyal türü
        ŞEHİT ERKAN KURŞUN İLKOKULU ŞEHİT ERKAN KURŞUN İLKOKULU 24.08.2025   10423545 26.08.2025 26.08.2025 Books